[Event "Plzen op 7th"]
[Site "Plzen"]
[Date "2015.11.22"]
[Round "1"]
[White "Palek, Miroslav"]
[Black "Sedivy, Roman"]
[Result "1-0"]
[WhiteElo "2214"]
[BlackElo "1767"]
[PlyCount "47"]
[EventDate "2015.11.22"]
[EventType "swiss"]
[EventRounds "7"]
[EventCountry "CZE"]
[SourceTitle "CBM 169 Extra"]
[Source "ChessBase"]
[SourceDate "2015.12.18"]
[SourceVersion "1"]
[SourceVersionDate "2015.12.18"]
[SourceQuality "1"]

1. e4 c5 2. Nf3 Nc6 3. Bb5 d6 4. d4 cxd4 5. Qxd4 Nf6 6. Bg5 Bd7 7. Bxc6 Bxc6 8. Nc3 Qa5 9. 0-0 h6 10. Bxf6 gxf6 11. Nd5 Rg8 12. b4 Qd8 13. Rac1 Bg7 14. Qd3 a6 15. c4 e6 16. Nf4 Qd7 17. Rfd1 Rd8 18. h3 b5 19. Nh5 e5 20. cxb5 Bxb5 21. Qe3 Kf8 22. Nh4 f5 23. Nxf5 Qe6 24. Qb6 1-0

[Event "CZE-chT2A 1112"]
[Site "Czech Republic"]
[Date "2012.01.08"]
[Round "5"]
[White "Sedivy, Roman"]
[Black "Marik, Miloslav"]
[Result "0-1"]
[WhiteElo "1965"]
[BlackElo "1965"]
[PlyCount "88"]
[EventDate "2011.10.09"]
[EventType "team-tourn"]
[EventRounds "11"]
[EventCountry "CZE"]
[SourceTitle "EXT 2013"]
[Source "ChessBase"]
[SourceDate "2012.11.22"]
[SourceVersion "1"]
[SourceVersionDate "2012.11.22"]
[SourceQuality "1"]
[WhiteTeam "Cesky Krumlov"]
[BlackTeam "Jindrichuv Hradec"]
[WhiteTeamCountry "CZE"]
[BlackTeamCountry "CZE"]

1. d4 Nf6 2. Nf3 g6 3. c4 Bg7 4. Nc3 0-0 5. e4 d6 6. Be2 Nbd7 7. 0-0 e5 8. Bg5 h6 9. Be3 Ng4 10. Qd3 Nxe3 11. fxe3 c6 12. Rad1 Qb6 13. b3 Re8 14. Kh1 Nf6 15. c5 dxc5 16. Nxe5 cxd4 17. exd4 Be6 18. Qg3 Qc7 19. Bc4 Nh5 20. Qh4 Bxe5 21. dxe5 Bxc4 22. bxc4 Qxe5 23. Rf3 Qe7 24. Qf2 Rad8 25. Rxd8 Rxd8 26. Qxa7 Nf6 27. Qb6 Rd7 28. Qe3 Ng4 29. Qe2 Ne5 30. Rf1 Qe6 31. c5 Rd3 32. Na4 Ra3 33. Nb6 Rxa2 34. Qd1 Ng4 35. Qd8+ Kg7 36. Nd7 Rf2 37. Qf8+ Kh7 38. Rxf2 Nxf2+ 39. Kg1 Nxe4 40. Qd8 Qc4 41. h3 Qc1+ 42. Kh2 Qf4+ 43. Kh1 Ng3+ 44. Kg1 Ne2+ 0-1

[Event "Cesky Krumlov op 3rd"]
[Site "Cesky Krumlov"]
[Date "2009.11.21"]
[Round "9"]
[White "Maryska, Vaclav"]
[Black "Sedivy, Roman"]
[Result "1/2-1/2"]
[WhiteElo "1928"]
[BlackElo "1874"]
[PlyCount "33"]
[EventDate "2009.11.14"]
[EventType "swiss"]
[EventRounds "9"]
[EventCountry "CZE"]
[SourceTitle "EXT 2010"]
[Source "ChessBase"]
[SourceDate "2010.11.25"]
[SourceVersion "1"]
[SourceVersionDate "2010.11.25"]
[SourceQuality "1"]

1. d4 d5 2. c4 Nf6 3. Nc3 e6 4. Nf3 c5 5. Bg5 cxd4 6. Qxd4 Be7 7. e3 0-0 8. Ne5 Nc6 9. Nxc6 bxc6 10. c5 a5 11. Na4 Nd7 12. Bxe7 Qxe7 13. Be2 Rb8 14. a3 Qf6 15. Qd2 Qg6 16. 0-0 e5 17. Rfc1 1/2-1/2